| 000 | 00357 a2200157 4500 | ||
|---|---|---|---|
| 001 | 47527 | ||
| 020 | _a9781841489599 | ||
| 040 | _cAnchieta - Aquarius | ||
| 100 | _aBeaton, Clare | ||
| 240 | 1 | 0 |
_aHow big is a pig? _lpor |
| 245 | 1 | 0 | _aHow big is a pig? |
| 300 | _a24p. | ||
| 362 | 0 | _a2000 | |
| 650 | 4 | _aLiteratura infanto-juvenil em inglês | |
| 942 | _cBK | ||
| 999 |
_c47527 _d47527 |
||